000
00298nam a22001337a 4500
008
171016b xxu||||| |||| 00| 0 eng d
020
_a
9780073137520
041
_a
eng
080
_2
3RD
_a
33
100
_a
52
101
_a
EKO
245
_a
ISSUES IN ECONOMICS TODAY
_c
GUELL,R.C
942
_2
udc
_c
BK
999
_c
34131
_d
34131